000 00332nam a22001577a 4500
003 SGT
020 _a978-81-203-3301-7
082 _a615.4
_bC19S
100 _aSEN, LEENA
245 _aCOMMUNICATION SKILLS
250 _a2ND
260 _aDELHI
_bPHI LEARNING
_c2019
300 _a227
650 _aPHARMACY
942 _2ddc
_cBK
_017
999 _c22959
_d22959